The law of Christ.

Bibliographic Details
Main Author: Häring, Bernhard, 1912-
Format: Book
Language:English
German
Published: Westminster, Md. : Newman Press, 1966
Subjects:

MARC

Tag First Indicator Second Indicator Subfields
LEADER 00000cam a2200000 4500
001 in00000039181
005 20151007081546.0
008 720824c19661961 eng u
010 |a  60014826  
035 |a (OCoLC)00390986 
035 |9 AAF6567AM 
040 |c WSU  |d TXA  |d UtOrBLW 
041 1 |a eng  |a ger 
049 |a TXAM  |v 1 [455359]  |v 2 [455360] 
050 0 |a BX1758.2  |b .H313 
092 |a 241  |b H281 
100 1 |a Häring, Bernhard,  |d 1912- 
245 1 4 |a The law of Christ. 
264 1 |a Westminster, Md. :  |b Newman Press,  |c 1966 
264 4 |c [©1961] 
300 |a  volumes 
336 |a text  |b txt  |2 rdacontent 
337 |a unmediated  |b n  |2 rdamedia 
338 |a volume  |b nc  |2 rdacarrier 
504 |a Includes bibliography. 
650 0 |a Christian ethics  |x Catholic authors. 
999 |a MARS 
999 f f |s aed608da-3f3e-3220-8183-7a92c82eb0ec  |i ed003a19-1169-3fa6-a636-4effc52f1e7e  |t 0 
952 f f |p ric  |a Texas A&M University  |b Rellis Campus  |c Joint Library Facility  |d Remote Storage  |t 0  |e BX1758.2 H313  |h Library of Congress classification  |i unmediated -- volume  |k v.2  |m A14800609623 
952 f f |p ric  |a Texas A&M University  |b Rellis Campus  |c Joint Library Facility  |d Remote Storage  |t 0  |e BX1758.2 H313  |h Library of Congress classification  |i unmediated -- volume  |k v.1  |m A14800609615 
998 f f |a BX1758.2 H313  |s v.1-v.2  |t 0  |l Remote Storage